000 00356 a2200157 4500
001 74966
020 _a9788532271521
040 _cAnchieta - Colégio São Paulo
100 _aBonjorno, Regina de Fátima Souza Azenha
240 1 0 _aMatemática
_lpor
245 1 0 _aMatemática
300 _a336
362 0 _a2009
650 4 _aMatemática
942 _cBK
999 _c74966
_d74966